The curse : (Record no. 124565)
[ view plain ]
| 000 -LEADER | |
|---|---|
| fixed length control field | 00724cam a2200241 a 4500 |
| 001 - CONTROL NUMBER | |
| control field | 958122 |
| 003 - CONTROL NUMBER IDENTIFIER | |
| control field | ARRUPE |
| 005 - DATE AND TIME OF LATEST TRANSACTION | |
| control field | 20160412095857.0 |
| 008 - FIXED-LENGTH DATA ELEMENTS--GENERAL INFORMATION | |
| fixed length control field | 910424s1990 sa a 000 0 eng d |
| 020 ## - INTERNATIONAL STANDARD BOOK NUMBER | |
| International Standard Book Number | 0947479376 |
| 035 ## - SYSTEM CONTROL NUMBER | |
| System control number | (OCoLC)25585951 |
| 035 ## - SYSTEM CONTROL NUMBER | |
| System control number | (OCoLC)ocm25585951 |
| 035 ## - SYSTEM CONTROL NUMBER | |
| System control number | (CStRLIN)NYCG91-B43824 |
| 035 ## - SYSTEM CONTROL NUMBER | |
| System control number | (NNC)958122 |
| 040 ## - CATALOGING SOURCE | |
| Original cataloging agency | IEN |
| Modifying agency | CStRLIN |
| Transcribing agency | Arrupe |
| 090 ## - LOCALLY ASSIGNED LC-TYPE CALL NUMBER (OCLC); LOCAL CALL NUMBER (OCLC) | |
| Classification number (OCLC) (R) ; Classification number, CALL (RLIN) (NR) | PR9369.3.P485 |
| Local cutter number (OCLC) ; Book number/undivided call number, CALL (RLIN) | C87 1990g |
| 300 ## - PHYSICAL DESCRIPTION | |
| Other physical details | ill. ; |
| Dimensions | 19 cm. |
| 100 1# - MAIN ENTRY--PERSONAL NAME | |
| Personal name | Philander, Frederick, |
| Dates associated with a name | 1949- |
| 9 (RLIN) | 23674 |
| 245 14 - TITLE STATEMENT | |
| Title | The curse : |
| Remainder of title | a four-act play on the Namibian struggle / |
| Statement of responsibility, etc | by Frederick Philander. |
| 260 ## - PUBLICATION, DISTRIBUTION, ETC. (IMPRINT) | |
| Place of publication, distribution, etc | Braamfontein [South Africa] : |
| Name of publisher, distributor, etc | Skotaville, |
| Date of publication, distribution, etc | c1990. |
| 300 ## - PHYSICAL DESCRIPTION | |
| Extent | 44 p. : |
| 942 ## - ADDED ENTRY ELEMENTS (KOHA) | |
| Source of classification or shelving scheme | Library of Congress Classification |
| Koha item type | Monograph ( Printed materials) |
| Withdrawn status | Lost status | Source of classification or shelving scheme | Damaged status | Not for loan | Collection code | Home library | Current library | Shelving location | Date acquired | Total Checkouts | Full call number | Barcode | Date last seen | Price effective from | Koha item type |
|---|---|---|---|---|---|---|---|---|---|---|---|---|---|---|---|
| Library of Congress Classification | Main Collection | ARRUPE LIBRARY | ARRUPE LIBRARY | Main Collection | 12/04/2016 | PR9369.9.P57 C8 | 46500007009 | 12/04/2016 | 12/04/2016 | Monograph ( Printed materials) |